书目信息 |
| 题名: |
戴震哲学著作选注
|
|
| 作者: | 戴震 著 ;安正辉 选注 | |
| 分册: | ||
| 出版信息: | 北京 中华书局 1979 |
|
| 页数: | 257页 | |
| 开本: | 20cm | |
| 丛书名: | ||
| 单 册: | ||
| 中图分类: | B249.62 , B2 | |
| 科图分类: | ||
| 主题词: | 古典哲学--中国--清代 , 哲学--中国 | |
| 电子资源: | ||
| ISBN: | ||
| 000 | 00667nam0 2200253 45 | |
| 001 | 1130834645 | |
| 005 | 20110928083546.28 | |
| 010 | @dCNY0.82 | |
| 091 | @aCN@b2018.148 | |
| 100 | @a19950712d1979 emky0chiy0121 ea | |
| 101 | 0 | @achi |
| 102 | @aCN@b110000 | |
| 105 | @ay z 000yy | |
| 200 | 10 | @a戴震哲学著作选注@Adai zhen zhe xue zhu zuo xuan zhu@f(清)戴震著@g安正辉选注 |
| 210 | @a北京@c中华书局@d1979 | |
| 215 | @a257页@d20cm | |
| 606 | 0 | @a古典哲学@y中国@z清代 |
| 606 | 0 | @a哲学@x中国 |
| 690 | @aB249.62@v3 | |
| 690 | @aB2@v4 | |
| 701 | 0 | @a戴震@Adai zhen@4著 |
| 702 | 0 | @a安正辉@Aan zheng hui@4选注 |
| 801 | 0 | @aCN@bTSSF |
| 905 | @a10447@dB2@eJY27 | |
| 戴震哲学著作选注/(清)戴震著/安正辉选注.-北京:中华书局,1979 |
| 257页;20cm |
| ISBN :CNY0.82 |
| ● |
| 相关链接 |
|
|
|
|
正题名:戴震哲学著作选注
索取号:B2/JY27
 
预约/预借
| 序号 | 登录号 | 条形码 | 馆藏地/架位号 | 状态 | 备注 |
| 1 | 7824420 | 278244204 | 学院路分馆/ [索取号:B2/JY27] | 在馆 | |
| 2 | 7824421 | 278244213 | 学院路分馆/ [索取号:B2/JY27] | 在馆 |